Entry Konu Terimi
001 - KONTROL NUMARASI
- Kontrol alanı: 82637
003 - KONTROL NUMARASI KİMLİĞİ
- Kontrol alanı: TR-BiSEU
005 - SON İŞLEM TARİHİ VE ZAMANI
- Kontrol alanı: 20260207003421.0
008 - SABİT UZUNLUKTAKİ VERİ ÖGELERİ - GENEL BİLGİ
- Sabit uzunlukta kontrol alanı: 260207|| aca||aabn | a|a d
040 ## - KATALOGLAMA KAYNAĞI
- Özgün kataloglama kurumu: TR-BiSEU
- Çeviri kurumu: TR-BiSEU
150 ## - KONU BAŞLIKLARI - KONU TERİMİ
- Konu terimi: Leadership--Congresses
670 ## - BİLGİNİN KAYNAĞI
- Bilginin alındığı kaynak: KOHA: (TR-BiSEU)44093: Ulusal liderlik sempozyumu bildirileri (2.:İstanbul:2013) 82636, Liderlik serüveni ve 21. yüzyılda liderlik: ikinci ulusal liderlik sempozyumu bildirileri 21-22 mart 2013 İstanbul.
